000
00317nam a22001457a 4500
003
SGT
082
_a
155.4
_b
E09K
100
_a
KIRK, SAMUEL
245
_a
EDUCATING EXCEPTIONAL CHILDREN
250
_a
12TH
260
_a
AUSTRALIA
_b
WADS WORTH
_c
2009
300
_a
447
650
_a
PSYCHOLOGY
942
_2
ddc
_c
BK
999
_c
13914
_d
13914